00489cam a2200169 a 450000100100000000500170001000800410002704000250006808200140009310000340010724500410014125000120018226000520019430000250024665000230027165000250029400004019120201002033955.0810320s1966 ag 000 0 spa d aDO-SdBNPbspacBNPHU axxxxbxxx1 aCortázar, Julio,d1914-198410aFinal del juego /cJulio Cortázar. a5a. ed. aBuenos Aires, Argentina :bSudamericana,c1966. a195 [2] p. ;c19 cm. 4aCuentos argentinos 4aLiteratura argentina